|
|
|
|
| LEADER |
00000nab#a22000007a#4500 |
| 001 |
arbauad003846 |
| 003 |
AR-BaUAD |
| 005 |
20250711110611.0 |
| 008 |
940315|||||||||###||||||b###|0###a|spa|| |
| 040 |
|
|
|a AR-BaUAD
|c AR-BaUAD
|b spa
|
| 100 |
|
|
|a Morea, Alberto
|
| 245 |
|
|
|a Arquitectura sistematizada a través del diseño normalizado y de la producción /
|c Alberto Morea;
|
| 300 |
0 |
|
|b il., plantas, axonométricas
|
| 653 |
|
|
|a CONSTRUCCION
|
| 653 |
|
|
|a INDUSTRIALIZACION
|
| 653 |
|
|
|a ESTACIONES DE SERVICIO
|
| 653 |
|
|
|a ASTRA
|
| 653 |
|
|
|a MOREA, ALBERTO
|
| 653 |
|
|
|a MOREA, LUIS
|
| 653 |
|
|
|a STAGNI, PABLO
|
| 653 |
|
|
|a BUENOS AIRES, PROVINCIA
|
| 653 |
|
|
|a ENTRE RIOS
|
| 773 |
0 |
|
|t SUMMA
|g no. 69 [nov. 1973], p. 45-48
|
| 942 |
|
|
|c ARTI
|
| 952 |
|
|
|0 0
|1 0
|4 0
|7 0
|9 48766
|a AR-BAuAD
|b AR-BAuAD
|d 2025-07-11
|l 0
|p AAQA003846
|r 2025-07-11 11:06:11
|w 2025-07-11
|y ARTI
|
| 990 |
|
|
|a CO197
|b TD
|
| 998 |
|
|
|a AAQ
|b BIBUN76
|
| 999 |
|
|
|c 28439
|d 28439
|